[Event "22nd ECCC Women 2017"]
[Site "Antalya"]
[Date "2017.10.11"]
[Round "3"]
[White "Balajayeva, Khanim"]
[Black "Stetsko, Lanita"]
[Result "1/2-1/2"]
[WhiteElo "2319"]
[BlackElo "2254"]
[Annotator "ChessBase"]
[PlyCount "141"]
[EventType "team-tourn"]
[EventCountry "TUR"]
[WhiteTeam "Odlar Yurdu"]
[BlackTeam "Bossa Nova"]
[TimeControl "40/5400+30:1800+30"]

1. e4 {[%emt 0:00:30]} e5 {[%emt 0:01:00]} 2. Nf3 {[%emt 0:00:00]} Nc6 {[%emt 0:00:00]} 3. Bc4 {[%emt 0:00:00]} Bc5 {[%emt 0:00:00]} 4. c3 {[%emt 0:00:30]} Nf6 {[%emt 0:00:30]} 5. d3 {[%emt 0:00:00]} d6 {[%emt 0:00:30]} 6. O-O {[%emt 0:01:00]} O-O {[%emt 0:00:30]} 7. Nbd2 {[%emt 0:02:30]} a5 {[%emt 0:02:30]} 8. h3 {[%emt 0:01:30]} h6 {[%emt 0:06:30]} 9. Re1 {[%emt 0:01:30]} Be6 {[%emt 0:00:30]} 10. Bb3 {[%emt 0:05:30]} Nh5 {[%emt 0:08:30]} 11. d4 {[%emt 0:09:30]} exd4 {[%emt 0:04:30]} 12. cxd4 {[%emt 0:02:30]} Bxb3 {[%emt 0:03:30]} 13. Nxb3 {[%emt 0:04:30]} Bb4 {[%emt 0:06:30]} 14. Bd2 {[%emt 0:01:30]} a4 {[%emt 0:01:30]} 15. d5 {[%emt 0:05:30]} Bxd2 {[%emt 0:03:30]} 16. Nbxd2 {[%emt 0:15:30]} Nb4 {[%emt 0:08:30]} 17. Re3 {[%emt 0:12:30]} Nf4 {[%emt 0:03:30]} 18. a3 {[%emt 0:01:30]} Nbd3 {[%emt 0:03:30]} 19. Qf1 {[%emt 0:06:30]} Nc5 {[%emt 0:04:30]} 20. g3 {[%emt 0:00:30]} Ng6 {[%emt 0:00:30]} 21. Rae1 {[%emt 0:00:30]} Qf6 {[%emt 0:09:30]} 22. Qb5 {[%emt 0:04:30]} b6 {[%emt 0:00:30]} 23. Qb4 {[%emt 0:01:30]} Rfe8 {[%emt 0:02:30]} 24. Nb1 {[%emt 0:01:30]} Re7 {[%emt 0:05:30]} 25. Nc3 {[%emt 0:00:30]} Ne5 {[%emt 0:04:58]} 26. Nxe5 {[%emt 0:01:30]} Qxe5 {[%emt 0:00:03]} 27. Nb5 {[%emt 0:07:47]} Nb3 {[%emt 0:10:05]} 28. R1e2 {[%emt 0:01:05]} Qh5 {[%emt 0:05:55]} 29. Kg2 {[%emt 0:02:33]} Nc5 {[%emt 0:01:09]} 30. Nd4 {[%emt 0:01:54]} Rae8 {[%emt 0:00:08]} 31. f3 {[%emt 0:01:53]} Rf8 {[%emt 0:03:25]} 32. h4 {[%emt 0:03:31]} Qg6 {[%emt 0:00:54]} 33. Nf5 {[%emt 0:01:12]} Ree8 {[%emt 0:00:33]} 34. Qd4 {[%emt 0:01:58]} Kh7 {[%emt 0:01:07]} 35. h5 {[%emt 0:01:27]} Qg5 {[%emt 0:00:13]} 36. f4 {[%emt 0:00:52]} Qf6 {[%emt 0:00:53]} 37. Qxf6 {[%emt 0:00:33]} gxf6 {[%emt 0:00:04]} 38. Kf3 {[%emt 0:00:09]} Ra8 {[%emt 0:00:55]} 39. g4 {[%emt 0:00:44]} Ra5 {[%emt 0:00:24]} 40. e5 {[%emt 0:00:00]} fxe5 {[%emt 0:31:06]} 41. fxe5 {[%emt 0:00:52]} dxe5 {[%emt 0:00:00]} 42. Rxe5 {[%emt 0:03:30]} Nd3 {[%emt 0:00:00]} 43. Re7 {[%emt 0:03:30]} Rxd5 {[%emt 0:00:00]} 44. R2e6 {[%emt 0:05:30]} Nxb2 {[%emt 0:00:00]} 45. Rxh6+ {[%emt 0:00:30]} Kg8 {[%emt 0:00:00]} 46. Rxc7 {[%emt 0:00:30]} Rd3+ {[%emt 0:00:00]} 47. Kf4 {[%emt 0:00:30]} Rxa3 {[%emt 0:00:00]} 48. Rxb6 {[%emt 0:00:30]} Nd3+ {[%emt 0:00:00]} 49. Kg5 {[%emt 0:00:37]} Ne5 {[%emt 0:00:00]} 50. Nh6+ {[%emt 0:07:26]} Kg7 {[%emt 0:00:00]} 51. Re6 {[%emt 0:01:05]} Nf3+ {[%emt 0:00:00]} 52. Kf4 {[%emt 0:00:30]} Nh4 {[%emt 0:00:00]} 53. g5 {[%emt 0:02:19]} Rb3 {[%emt 0:00:00]} 54. Ra6 {[%emt 0:03:51]} Ng2+ {[%emt 0:00:00]} 55. Ke4 {[%emt 0:01:58]} Rb4+ {[%emt 0:00:00]} 56. Kf3 {[%emt 0:01:08]} Nf4 {[%emt 0:00:00]} 57. Nf5+ {[%emt 0:00:29]} Kg8 {[%emt 0:00:00]} 58. Nh6+ {[%emt 0:02:41]} Kg7 {[%emt 0:00:00]} 59. Nf5+ {[%emt 0:00:42]} Kg8 {[%emt 0:00:00]} 60. Rca7 {[%emt 0:01:12]} Nxh5 {[%emt 0:00:00]} 61. Rxa4 {[%emt 0:00:02]} Rxa4 {[%emt 0:00:00]} 62. Rxa4 {[%emt 0:00:05]} Rb8 {[%emt 0:00:00]} 63. Kg4 {[%emt 0:01:18]} Ng7 {[%emt 0:00:00]} 64. Nh6+ {[%emt 0:00:07]} Kf8 {[%emt 0:00:50]} 65. Ra7 {[%emt 0:01:39]} Rb4+ {[%emt 0:00:28]} 66. Kf3 {[%emt 0:00:26]} Rb3+ {[%emt 0:00:13]} 67. Ke4 {[%emt 0:00:00]} Rb4+ {[%emt 0:00:05]} 68. Ke3 {[%emt 0:00:52]} Rb3+ {[%emt 0:00:08]} 69. Ke4 {[%emt 0:00:16]} Rb4+ {[%emt 0:00:01]} 70. Ke3 {[%emt 0:00:00]} Rb3+ {[%emt 0:00:30]} 71. Ke4 1/2-1/2

[Event "22nd ECCC Women 2017"]
[Site "Antalya"]
[Date "2017.10.12"]
[Round "3"]
[White "Sandu, Mihaela"]
[Black "Kovalevskaya, Ekaterina"]
[Result "0-1"]
[WhiteElo "2278"]
[BlackElo "2411"]
[Annotator "TA"]
[PlyCount "108"]
[EventType "team-tourn"]
[EventCountry "TUR"]
[WhiteTeam "Timisoara"]
[BlackTeam "Legacy Square Capital"]

{[%evp 13,108,11,14,1,13,0,0,0,0,0,0,0,0,0,0,-68,-18,-17,-17,-7,-20,-40,0,-16,-8,-56,-49,-55,-45,-46,-43,-52,-53,-51,-50,-79,-10,-14,-8,-14,-16,-47,-46,-43,-48,-93,-92,-127,-126,-174,-163,-180,-168,-165,-165,-238,-232,-243,-240,-326,-281,-523,-486,-566,-544,-738,-753,-723,-709,-788,-454,-676,-650,-1480,-1461,-1582,-1113,-2321,-2251,-2054,-1726,-1330,-1344,-12827,-12827,-12838,-12816,-12818,-5442,-2556,-3105,-5281,-5250,-2374,-2296,-2793,-2566]} 1. e4 e5 2. Nf3 Nc6 3. Bc4 Bc5 4. d3 Nf6 5. Bb3 (5. c3 d6 6. O-O O-O 7. Re1 a5 8. Nbd2 Be6 9. Bb5 Qb8 10. Nf1 Qa7 11. Be3 Bxe3 12. Nxe3 Ne7 13. a4 Ng6 14. Bc4 Bxc4 15. Nxc4 {½-½ (47) So,W (2810)-Ding,L (2777) Tbilisi 2017}) 5... O-O 6. O-O {C50: Hungarian Defence and Giuoco Pianissimo} d5 7. exd5 Nxd5 {LiveBook: 10 Games} 8. Nbd2 {The position is equal.} Bg4 9. h3 Bh5 10. Ne4 Bxf3 $146 ({Predecessor:} 10... Be7 11. Ng3 Bg6 12. Re1 Bf6 {0-1 (54) Sandu,M (2300)-Socko,M (2467) Chakvi 2015}) 11. Qxf3 Nd4 12. Qd1 Bb6 13. c3 Nxb3 14. axb3 ({White should try} 14. Qxb3 $11 a5 15. Bd2) 14... c6 15. b4 f5 16. Nc5 Qe7 17. Qb3 Rae8 18. Bd2 Rf7 19. Rae1 Bxc5 20. bxc5 Qxc5 {[#]} 21. d4 $1 {[%mdl 512]} Qb6 (21... exd4 22. Rxe8+) 22. Qxb6 Nxb6 23. dxe5 Nc4 24. Be3 f4 ({Don't play} 24... Rxe5 25. Bxa7 Rxe1 26. Rxe1 $11) (24... Nxb2 $17 {Black wants to play ...a5.} 25. Bxa7 Na4) 25. e6 $11 Rf6 $36 {[%mdl 2048] Black fights for an advantage.} 26. Bc1 $1 f3 27. gxf3 Rfxe6 28. Rxe6 Rxe6 {[%mdl 4096] Endgame KRB-KRN} 29. Rd1 Rd6 30. Rxd6 Nxd6 $17 {KB-KN} 31. Kf1 Kf7 32. Ke2 Ke6 33. Kd3 Kd5 34. Bg5 (34. b3 $142) 34... a5 $19 35. b3 {[#]} b5 $1 36. Be7 g6 37. Bf8 $2 (37. Bd8 a4 38. bxa4 bxa4 39. Kc2) 37... c5 {Black is clearly winning.} 38. Be7 c4+ 39. bxc4+ Nxc4 40. Kc2 Ne5 41. f4 Nc6 42. Bf8 (42. Bf6 $142 a4 43. f3) 42... Kc4 43. h4 h5 44. Bg7 Ne7 45. Bf6 Nf5 46. Bd8 a4 47. Bg5 Nd6 48. f3 Nf5 49. Bf6 Ne3+ 50. Kb2 Ng2 (50... Nd1+ $142 51. Ka3 Nxc3) 51. Bg5 Ne1 52. Be7 Nd3+ 53. Kc2 Nxf4 54. Bf6 Nd3 {Precision: White = 26%, Black = 79%.} 0-1

[Event "22nd ECCC Women 2017"]
[Site "Antalya"]
[Date "2017.10.11"]
[Round "3"]
[White "Dragomirescu, Angela"]
[Black "Savina, Anastasia"]
[Result "1/2-1/2"]
[WhiteElo "2231"]
[BlackElo "2350"]
[Annotator "ChessBase"]
[PlyCount "169"]
[EventType "team-tourn"]
[EventCountry "TUR"]
[SourceTitle "playchess.com"]
[Source "ChessBase"]
[SourceQuality "1"]
[WhiteTeam "Timisoara"]
[BlackTeam "Legacy Square Capital"]
[TimeControl "40/5400+30:1800+30"]

1. Nf3 {[%emt 0:00:30]} g6 {[%emt 0:01:00]} 2. g3 {[%emt 0:00:00]} Bg7 {[%emt 0:01:30]} 3. Bg2 {[%emt 0:00:00]} c5 {[%emt 0:00:00]} 4. O-O {[%emt 0:00:30]} Nc6 {[%emt 0:00:00]} 5. d3 {[%emt 0:00:30]} d6 {[%emt 0:02:30]} 6. c3 {[%emt 0:02:30]} e5 {[%emt 0:06:30]} 7. a3 {[%emt 0:01:30]} a5 {[%emt 0:03:30]} 8. a4 {[%emt 0:00:00]} h6 {[%emt 0:05:30]} 9. Na3 {[%emt 0:01:00]} Be6 {[%emt 0:01:30]} 10. Nb5 {[%emt 0:10:30]} Nge7 {[%emt 0:11:30]} 11. e4 {[%emt 0:05:30]} O-O {[%emt 0:01:30]} 12. Nd2 {[%emt 0:03:30]} f5 {[%emt 0:18:30]} 13. Nc4 {[%emt 0:18:30]} d5 {[%emt 0:04:30]} 14. exd5 {[%emt 0:00:30]} Nxd5 {[%emt 0:00:00]} 15. Re1 {[%emt 0:22:30]} f4 {[%emt 0:10:00]} 16. Ncd6 {[%emt 0:02:30]} Qe7 {[%emt 0:06:30]} 17. d4 {[%emt 0:02:30]} cxd4 {[%emt 0:16:46]} 18. cxd4 {[%emt 0:05:30]} f3 {[%emt 0:02:52]} 19. Bxf3 {[%emt 0:09:47]} Qf6 {[%emt 0:01:40]} 20. Ra3 {[%emt 0:00:34]} Nxd4 {[%emt 0:00:40]} 21. Nxd4 {[%emt 0:00:34]} exd4 {[%emt 0:00:02]} 22. Ne4 {[%emt 0:00:43]} Qf7 {[%emt 0:01:37]} 23. Nd6 {[%emt 0:06:18]} Qd7 {[%emt 0:01:35]} 24. Nc4 {[%emt 0:02:48]} Rae8 {[%emt 0:02:08]} 25. Ne5 {[%emt 0:00:30]} Bxe5 {[%emt 0:00:42]} 26. Rxe5 {[%emt 0:00:02]} Rf5 {[%emt 0:00:25]} 27. Rxf5 {[%emt 0:01:15]} Bxf5 {[%emt 0:00:05]} 28. Bxh6 {[%emt 0:00:23]} Nb4 {[%emt 0:00:20]} 29. Bd2 {[%emt 0:00:39]} Nc2 {[%emt 0:01:04]} 30. Rb3 {[%emt 0:00:18]} Qxa4 {[%emt 0:00:32]} 31. Rxb7 {[%emt 0:00:20]} Qa2 {[%emt 0:00:30]} 32. Rb5 {[%emt 0:01:30]} Qa1 {[%emt 0:00:29]} 33. Qxa1 {[%emt 0:00:53]} Nxa1 {[%emt 0:00:02]} 34. Bxa5 {[%emt 0:01:09]} Nc2 {[%emt 0:00:29]} 35. Bd2 {[%emt 0:00:57]} Kf7 {[%emt 0:00:56]} 36. Kg2 {[%emt 0:00:38]} Ne1+ {[%emt 0:01:03]} 37. Bxe1 {[%emt 0:00:30]} Rxe1 {[%emt 0:00:30]} 38. Rd5 {[%emt 0:00:00]} Bd3 {[%emt 0:00:00]} 39. g4 {[%emt 0:00:48]} Bf1+ {[%emt 0:00:33]} 40. Kg3 {[%emt 0:00:30]} d3 {[%emt 0:00:00]} 41. b4 {[%emt 0:18:11]} Ke6 {[%emt 0:09:30]} 42. Rd8 {[%emt 0:01:59]} Rb1 {[%emt 0:00:30]} 43. Kf4 {[%emt 0:04:05]} Rxb4+ {[%emt 0:05:13]} 44. Ke3 {[%emt 0:00:12]} Be2 {[%emt 0:09:13]} 45. h3 {[%emt 0:01:07]} Ke7 {[%emt 0:01:51]} 46. Rd5 {[%emt 0:00:43]} Ke6 {[%emt 0:01:25]} 47. Rd8 {[%emt 0:01:26]} Ke7 {[%emt 0:00:11]} 48. Rd5 {[%emt 0:00:58]} Ke6 {[%emt 0:00:04]} 49. Ra5 {[%emt 0:00:56]} Bxf3 {[%emt 0:04:06]} 50. Kxf3 {[%emt 0:00:01]} Rb1 {[%emt 0:02:41]} 51. Ra6+ {[%emt 0:00:37]} Ke5 {[%emt 0:00:37]} 52. Ke3 {[%emt 0:00:22]} g5 {[%emt 0:00:15]} 53. Ra5+ {[%emt 0:02:07]} Kf6 {[%emt 0:00:05]} 54. h4 {[%emt 0:01:32]} gxh4 {[%emt 0:01:06]} 55. Kxd3 {[%emt 0:00:03]} Rb4 {[%emt 0:01:32]} 56. f3 {[%emt 0:00:10]} Rb3+ {[%emt 0:00:05]} 57. Ke4 {[%emt 0:00:07]} Rb4+ {[%emt 0:00:16]} 58. Ke3 {[%emt 0:00:55]} Rb3+ {[%emt 0:00:01]} 59. Kf2 {[%emt 0:00:20]} Rb2+ {[%emt 0:00:07]} 60. Kg1 {[%emt 0:00:00]} h3 {[%emt 0:02:03]} 61. Rh5 {[%emt 0:00:00]} Kg6 {[%emt 0:00:03]} 62. Rxh3 {[%emt 0:02:36]} Kg5 {[%emt 0:00:13]} 63. Rh5+ {[%emt 0:01:01]} Kf4 {[%emt 0:00:48]} 64. Rf5+ {[%emt 0:00:38]} Kg3 {[%emt 0:00:30]} 65. Kf1 {[%emt 0:00:00]} Kh4 {[%emt 0:00:16]} 66. Rd5 {[%emt 0:01:57]} Kg3 {[%emt 0:00:19]} 67. Rf5 {[%emt 0:00:51]} Kh4 {[%emt 0:00:03]} 68. Ke1 {[%emt 0:00:30]} Rg2 {[%emt 0:00:48]} 69. Rd5 {[%emt 0:01:48]} Kg3 {[%emt 0:00:30]} 70. Rd3 {[%emt 0:00:30]} Kf4 {[%emt 0:00:47]} 71. Rd2 {[%emt 0:00:00]} Rg3 {[%emt 0:00:17]} 72. Rd3 {[%emt 0:00:52]} Rg2 {[%emt 0:00:07]} 73. Rd2 {[%emt 0:00:17]} Rg3 {[%emt 0:00:02]} 74. Rf2 {[%emt 0:00:15]} Rg1+ {[%emt 0:01:03]} 75. Ke2 {[%emt 0:00:37]} Ra1 {[%emt 0:00:04]} 76. Rf1 {[%emt 0:00:30]} Ra2+ {[%emt 0:01:18]} 77. Kd3 {[%emt 0:00:05]} Ra5 {[%emt 0:00:58]} 78. Kd4 {[%emt 0:00:33]} Rg5 {[%emt 0:00:27]} 79. Kd3 {[%emt 0:00:34]} Ra5 {[%emt 0:00:11]} 80. Kc4 {[%emt 0:00:43]} Rg5 {[%emt 0:00:53]} 81. Kd4 {[%emt 0:00:04]} Ra5 {[%emt 0:00:04]} 82. Kd3 {[%emt 0:01:05]} Ra3+ {[%emt 0:00:35]} 83. Kd4 {[%emt 0:00:26]} Ra5 {[%emt 0:00:03]} 84. Rg1 {[%emt 0:00:52]} Rg5 {[%emt 0:00:19]} 85. Rf1 {[%emt 0:00:08]} 1/2-1/2

[Event "22nd ECCC Women 2017"]
[Site "Antalya"]
[Date "2017.10.11"]
[Round "3"]
[White "Choisy, Mathilde"]
[Black "Isgandarova, Khayala"]
[Result "1/2-1/2"]
[WhiteElo "2162"]
[BlackElo "2242"]
[Annotator "ChessBase"]
[PlyCount "195"]
[EventType "team-tourn"]
[EventCountry "TUR"]
[SourceTitle "playchess.com"]
[Source "ChessBase"]
[SourceQuality "1"]
[WhiteTeam "Mulhouse Philidor"]
[BlackTeam "Anatolia"]
[TimeControl "40/5400+30:1800+30"]

1. e4 {[%emt 0:00:30]} e6 {[%emt 0:01:00]} 2. d4 {[%emt 0:00:30]} d5 {[%emt 0:00:30]} 3. Nc3 {[%emt 0:00:30]} Nf6 {[%emt 0:00:30]} 4. e5 {[%emt 0:00:30]} Nfd7 {[%emt 0:00:30]} 5. Nce2 {[%emt 0:00:00]} c5 {[%emt 0:00:30]} 6. c3 {[%emt 0:00:00]} Nc6 {[%emt 0:00:30]} 7. Nf3 {[%emt 0:00:00]} Qa5 {[%emt 0:18:30]} 8. a3 {[%emt 0:00:00]} cxd4 {[%emt 0:05:30]} 9. b4 {[%emt 0:00:00]} Qb6 {[%emt 0:03:30]} 10. cxd4 {[%emt 0:00:00]} a5 {[%emt 0:01:30]} 11. b5 {[%emt 0:00:30]} Qxb5 {[%emt 0:08:30]} 12. Nc3 {[%emt 0:00:30]} Qb6 {[%emt 0:00:00]} 13. Rb1 {[%emt 0:00:00]} Qd8 {[%emt 0:01:00]} 14. Bd3 {[%emt 0:01:00]} Be7 {[%emt 0:00:30]} 15. O-O {[%emt 0:02:30]} O-O {[%emt 0:04:30]} 16. Qc2 {[%emt 0:07:30]} f5 {[%emt 0:05:30]} 17. exf6 {[%emt 0:00:30]} Nxf6 {[%emt 0:00:00]} 18. Re1 {[%emt 0:11:30]} Bd6 {[%emt 0:12:00]} 19. Nb5 {[%emt 0:04:30]} h6 {[%emt 0:02:30]} 20. Qe2 {[%emt 0:12:30]} Bb8 {[%emt 0:15:34]} 21. Ne5 {[%emt 0:15:30]} Ne7 {[%emt 0:07:53]} 22. a4 {[%emt 0:03:30]} Bd7 {[%emt 0:04:02]} 23. Nxd7 {[%emt 0:06:30]} Qxd7 {[%emt 0:00:06]} 24. Ba3 {[%emt 0:04:30]} Rf7 {[%emt 0:02:06]} 25. Qxe6 {[%emt 0:04:30]} Qxe6 {[%emt 0:02:32]} 26. Rxe6 {[%emt 0:00:00]} Nc6 {[%emt 0:00:59]} 27. Bg6 {[%emt 0:08:26]} Rd7 {[%emt 0:00:52]} 28. g3 {[%emt 0:03:17]} Bc7 {[%emt 0:02:05]} 29. Bc5 {[%emt 0:05:04]} Nd8 {[%emt 0:00:56]} 30. Re2 {[%emt 0:05:24]} Rc8 {[%emt 0:00:14]} 31. Bf5 {[%emt 0:00:57]} Bb8 {[%emt 0:01:03]} 32. Bb6 {[%emt 0:01:34]} Nc6 {[%emt 0:00:27]} 33. Bxd7 {[%emt 0:01:10]} Nxd7 {[%emt 0:00:03]} 34. Bc5 {[%emt 0:00:00]} Nxc5 {[%emt 0:01:13]} 35. dxc5 {[%emt 0:00:00]} Ne5 {[%emt 0:00:19]} 36. Nd6 {[%emt 0:01:22]} Rxc5 {[%emt 0:00:10]} 37. Nxb7 {[%emt 0:00:20]} Rc8 {[%emt 0:00:42]} 38. Nxa5 {[%emt 0:01:19]} Bd6 {[%emt 0:00:34]} 39. Nb7 {[%emt 0:01:42]} Rb8 {[%emt 0:00:37]} 40. Kg2 {[%emt 0:00:00]} Nc4 {[%emt 0:01:03]} 41. Rb5 {[%emt 0:07:25]} Bf8 {[%emt 0:05:30]} 42. Re1 {[%emt 0:04:30]} Na3 {[%emt 0:06:35]} 43. Rb3 {[%emt 0:01:42]} Nc2 {[%emt 0:04:07]} 44. Rd1 {[%emt 0:01:09]} Nb4 {[%emt 0:01:14]} 45. Na5 {[%emt 0:11:05]} Ra8 {[%emt 0:00:08]} 46. Nb7 {[%emt 0:04:36]} Rb8 {[%emt 0:00:30]} 47. Na5 {[%emt 0:00:00]} Ra8 {[%emt 0:00:00]} 48. Rxb4 {[%emt 0:00:00]} Bxb4 {[%emt 0:00:08]} 49. Nc6 {[%emt 0:00:00]} Bc3 {[%emt 0:01:09]} 50. Ne7+ {[%emt 0:01:03]} Kf7 {[%emt 0:01:43]} 51. Nxd5 {[%emt 0:00:04]} Bb2 {[%emt 0:03:54]} 52. Rb1 {[%emt 0:00:12]} Bd4 {[%emt 0:01:16]} 53. Rb7+ {[%emt 0:00:49]} Kg6 {[%emt 0:00:20]} 54. Rb4 {[%emt 0:01:09]} Ba1 {[%emt 0:02:39]} 55. Rc4 {[%emt 0:00:47]} Ra5 {[%emt 0:00:39]} 56. Nf4+ {[%emt 0:00:32]} Kf5 {[%emt 0:00:26]} 57. Nd3 {[%emt 0:00:41]} Ke6 {[%emt 0:00:22]} 58. Nc5+ {[%emt 0:02:03]} Kd5 {[%emt 0:02:58]} 59. Nb3 {[%emt 0:00:03]} Kxc4 {[%emt 0:00:29]} 60. Nxa5+ {[%emt 0:00:30]} Kb4 {[%emt 0:00:30]} 61. Nc6+ {[%emt 0:00:00]} Kxa4 {[%emt 0:00:00]} 62. Ne7 {[%emt 0:00:54]} Kb5 {[%emt 0:00:00]} 63. Kf3 {[%emt 0:00:54]} Kc5 {[%emt 0:00:07]} 64. Ke4 {[%emt 0:00:57]} Kd6 {[%emt 0:00:21]} 65. Ng6 {[%emt 0:00:41]} Ke6 {[%emt 0:00:22]} 66. h4 {[%emt 0:00:15]} Kf6 {[%emt 0:00:39]} 67. Nf4 {[%emt 0:00:36]} g5 {[%emt 0:04:09]} 68. Nd5+ {[%emt 0:01:14]} Kg6 {[%emt 0:01:06]} 69. Ne7+ {[%emt 0:00:35]} Kf6 {[%emt 0:01:37]} 70. Nf5 {[%emt 0:00:05]} Kg6 {[%emt 0:00:44]} 71. f3 {[%emt 0:01:44]} gxh4 {[%emt 0:01:15]} 72. Nxh4+ {[%emt 0:00:05]} Kf6 {[%emt 0:00:15]} 73. Nf5 {[%emt 0:01:07]} Kg6 {[%emt 0:00:29]} 74. Ne3 {[%emt 0:00:28]} Bc3 {[%emt 0:00:20]} 75. f4 {[%emt 0:00:25]} h5 {[%emt 0:00:38]} 76. Ng2 {[%emt 0:00:44]} Kf6 {[%emt 0:00:16]} 77. Nh4 {[%emt 0:00:35]} Be1 {[%emt 0:00:23]} 78. Kf3 {[%emt 0:00:15]} Ke6 {[%emt 0:00:15]} 79. Ng2 {[%emt 0:00:07]} Bd2 {[%emt 0:00:19]} 80. Ne3 {[%emt 0:00:21]} Bc1 {[%emt 0:00:35]} 81. Ke4 {[%emt 0:00:16]} Kf6 {[%emt 0:00:29]} 82. Nd5+ {[%emt 0:01:00]} Ke6 {[%emt 0:00:57]} 83. f5+ {[%emt 0:00:00]} Kf7 {[%emt 0:01:13]} 84. Nf4 {[%emt 0:00:00]} Kf6 {[%emt 0:00:06]} 85. Nxh5+ {[%emt 0:00:00]} Kg5 {[%emt 0:00:12]} 86. Nf4 {[%emt 0:02:36]} Bxf4 {[%emt 0:00:09]} 87. gxf4+ {[%emt 0:00:11]} Kf6 {[%emt 0:00:03]} 88. Ke3 {[%emt 0:00:39]} Kxf5 {[%emt 0:00:30]} 89. Kf3 {[%emt 0:00:00]} Kf6 {[%emt 0:00:05]} 90. Ke4 {[%emt 0:00:09]} Ke6 {[%emt 0:00:00]} 91. f5+ {[%emt 0:00:05]} Kf6 {[%emt 0:00:07]} 92. Kf4 {[%emt 0:00:30]} Kf7 {[%emt 0:00:00]} 93. Ke5 {[%emt 0:00:00]} Ke7 {[%emt 0:00:06]} 94. f6+ {[%emt 0:00:00]} Kf7 {[%emt 0:00:06]} 95. Kf5 {[%emt 0:00:00]} Kf8 {[%emt 0:00:30]} 96. Ke6 {[%emt 0:00:00]} Ke8 {[%emt 0:00:00]} 97. f7+ {[%emt 0:00:00]} Kf8 {[%emt 0:00:00]} 98. Kf6 {[%emt 0:00:01]} 1/2-1/2

[Event "22nd ECCC Women 2017"]
[Site "Antalya"]
[Date "2017.10.11"]
[Round "3"]
[White "Caglar, Sila"]
[Black "Klinova, Masha"]
[Result "1-0"]
[WhiteElo "2153"]
[BlackElo "2289"]
[Annotator "ChessBase"]
[PlyCount "60"]
[EventType "team-tourn"]
[EventCountry "TUR"]
[WhiteTeam "Marmara"]
[BlackTeam "Beer Sheva"]
[TimeControl "40/5400+30:1800+30"]

1. e4 {[%emt 0:00:30]} d6 {[%emt 0:01:00]} 2. d4 {[%emt 0:00:30]} g6 {[%emt 0:00:30]} 3. Nc3 {[%emt 0:00:30]} Bg7 {[%emt 0:00:30]} 4. Be3 {[%emt 0:00:00]} c6 {[%emt 0:00:30]} 5. f3 {[%emt 0:00:00]} Nd7 {[%emt 0:00:30]} 6. Qd2 {[%emt 0:00:30]} b5 {[%emt 0:02:30]} 7. g4 {[%emt 0:02:30]} Nb6 {[%emt 0:05:30]} 8. h4 {[%emt 0:02:30]} h5 {[%emt 0:00:00]} 9. g5 {[%emt 0:01:30]} Qc7 {[%emt 0:08:00]} 10. f4 {[%emt 0:29:30]} e6 {[%emt 0:28:30]} 11. Nf3 {[%emt 0:16:30]} Ne7 {[%emt 0:01:30]} 12. b3 {[%emt 0:13:30]} b4 {[%emt 0:07:30]} 13. Ne2 {[%emt 0:00:30]} c5 {[%emt 0:02:30]} 14. Rd1 {[%emt 0:02:30]} Bb7 {[%emt 0:03:30]} 15. Ng3 {[%emt 0:02:30]} O-O {[%emt 0:06:30]} 16. Be2 {[%emt 0:07:28]} Rac8 {[%emt 0:14:59]} 17. O-O {[%emt 0:01:46]} Rfd8 {[%emt 0:03:50]} 18. dxc5 {[%emt 0:06:37]} dxc5 {[%emt 0:00:12]} 19. Qe1 {[%emt 0:00:23]} Rxd1 {[%emt 0:00:34]} 20. Bxd1 {[%emt 0:00:44]} Nd7 {[%emt 0:02:59]} 21. Be2 {[%emt 0:01:44]} Nc6 {[%emt 0:04:32]} 22. Qf2 {[%emt 0:01:07]} Nd4 {[%emt 0:00:41]} 23. Nxd4 {[%emt 0:02:21]} cxd4 {[%emt 0:00:05]} 24. Bxd4 {[%emt 0:00:08]} Bxd4 {[%emt 0:02:03]} 25. Qxd4 {[%emt 0:00:01]} Qc5 {[%emt 0:00:00]} 26. Rd1 {[%emt 0:04:24]} a5 {[%emt 0:00:14]} 27. f5 {[%emt 0:01:10]} exf5 {[%emt 0:03:04]} 28. exf5 {[%emt 0:01:38]} Qc6 {[%emt 0:01:25]} 29. Bf1 {[%emt 0:00:43]} Nc5 {[%emt 0:00:45]} 30. fxg6 {[%emt 0:00:22]} Qxg6 {[%emt 0:01:07]} 1-0

[Event "22nd ECCC Women 2017"]
[Site "Antalya"]
[Date "2017.10.11"]
[Round "3"]
[White "Richard, Emma"]
[Black "Atalik, Ekaterina"]
[Result "0-1"]
[WhiteElo "2086"]
[BlackElo "2468"]
[Annotator "TA"]
[PlyCount "82"]
[EventType "team-tourn"]
[EventCountry "TUR"]
[WhiteTeam "Mulhouse Philidor"]
[BlackTeam "Anatolia"]

{[%evp 10,82,30,0,0,0,0,0,0,0,0,0,0,-9,0,-27,16,19,16,31,25,10,33,33,29,27,28,31,33,30,42,-15,-7,-24,-12,-10,-10,-11,-18,-18,-48,-72,-72,-93,-77,-122,-116,-237,-199,-211,-222,-228,-217,-229,-220,-231,-235,-246,-251,-237,-249,-258,-252,-373,-371,-365,-362,-360,-348,-474,-431,-912,-921,-942,-930]} 1. e4 c6 2. Nc3 d5 3. Nf3 Bg4 4. h3 Bxf3 5. Qxf3 e6 6. a3 Qb6 $146 {B11: Caro-Kann: Two Knights Variation} ({Predecessor:} 6... Bc5 7. Qg3 Qf6 8. d3 Nd7 9. h4 Bd4 10. Bd2 Ne7 11. h5 h6 12. Be2 Qe5 13. Qxe5 Bxe5 14. f4 Bd6 15. O-O d4 16. Nd1 e5 17. Nf2 exf4 18. Nh3 Ne5 {½-½ (18) Fedorov,A (2562)-Vitiugov,N (2724) Czech Republic 2016}) 7. g3 Nd7 8. Bg2 Ngf6 {The position is equal.} 9. exd5 cxd5 10. Qe2 Be7 11. O-O Rc8 12. a4 {[%cal Ba3a4,Ba4a5][%mdl 32]} O-O (12... a6 {with more complications.} 13. d3 O-O 14. Qd1 Qc7 15. Bf4 Qc6) 13. a5 Qa6 14. Qxa6 bxa6 15. d4 Nb8 16. Rd1 Bb4 17. Bd2 Nc6 18. Ra4 Rb8 19. Bf4 Rb7 {[%cal Bb8b7,Bb7c7,Bc7c2][%mdl 32]} 20. Na2 (20. Raa1 $14) 20... Bxa5 $11 21. b4 Bc7 {White should prevent ...Bxf4.} 22. Bxc7 Rxc7 23. Rxa6 Nb8 24. Ra4 Rxc2 25. Rxa7 Nc6 $36 {[%mdl 2048] Black is really pushing.} 26. Ra4 {[#]} Rb2 $1 27. Nc3 Rxb4 28. Ra6 (28. Rxb4 $17 Nxb4 29. Nb5) 28... Rc8 29. Ne2 Ne7 30. g4 g5 31. f4 gxf4 32. Nxf4 {[#]} Ng6 $1 {[%cal Rg6f4]} 33. Rf1 {With the idea Nxg6.} Nxf4 34. Rxf4 Nd7 35. Kh2 {[#]} Ne5 $1 {[%mdl 512]} 36. Bf1 (36. Ra2 $142) (36. dxe5 Rxf4) 36... Rc2+ $19 37. Kg1 {[#]} Rxd4 $1 {[%mdl 512]} 38. Rf2 (38. Rxd4 Nf3+) 38... Rdd2 39. Rf4 Ng6 {Black is clearly winning.} 40. Rf3 (40. Rf6 $142) 40... Nh4 41. Rf4 Rc3 {Precision: White = 44%, Black = 88%.} 0-1